000 00917nam a2200217 i 4500
001 98419
003 ES-MaACL
005 20250905131257.0
007 t|
008 050825s1915 sp ||||1| spa d
100 1 _aPan, Ismael del.
_988740
245 1 0 _aNoticia de hallazgos prehistóricos en tres cuevas, aún no citadas, de la Sierra de Cameros (Logroño) /
_cpor Ismael del Pan.
260 _a[S.l. :
_bs.n.,
_c1915?]
300 _a22 p. :
_bil. ;
_c23 cm.
500 _aEjemplar sin portada.
500 _aContiene además en el mismo cuadernillo: La cerámica hallstiana en las cuevas de la provincia de Logroño y su ocupación en distintas épocas / por Pedro Bosch Gimpera. Instrumento neolítico de Corral de Caracuel / por Antonio Blázquez.
700 1 _aBosch Gimpera, Pedro.
_930657
700 1 _aCabrera, Ángel,
_d1879-1960
_933276
852 _aES-MaACL
_j1589-F-19
999 _c98419
_d98419